<?xml version="1.0" encoding="UTF-8"?>
<record
    xmlns:xsi="http://www.w3.org/2001/XMLSchema-instance"
    xsi:schemaLocation="http://www.loc.gov/MARC21/slim http://www.loc.gov/standards/marcxml/schema/MARC21slim.xsd"
    xmlns="http://www.loc.gov/MARC21/slim">

  <leader>01167nam a2200265Ia 4500</leader>
  <controlfield tag="003">IN-BaIIA</controlfield>
  <controlfield tag="008">211028s9999    xx            000 0 eng d</controlfield>
  <datafield tag="020" ind1=" " ind2=" ">
    <subfield code="a">2-86332-194-3</subfield>
  </datafield>
  <datafield tag="040" ind1=" " ind2=" ">
    <subfield code="c">IIA Library</subfield>
  </datafield>
  <datafield tag="080" ind1=" " ind2=" ">
    <subfield code="a">524.3-52(082.2)</subfield>
    <subfield code="b">KUN</subfield>
  </datafield>
  <datafield tag="111" ind1=" " ind2=" ">
    <subfield code="a">IAP Astrophysics Meeting on the Interplay Between Massive Star Formation, the ISM and Galaxy Evolution</subfield>
    <subfield code="n">11</subfield>
    <subfield code="c">Paris, France</subfield>
    <subfield code="d">1995 July 3-8</subfield>
    <subfield code="9">23618</subfield>
  </datafield>
  <datafield tag="245" ind1=" " ind2="4">
    <subfield code="a">The interplay between massive star formation, the ISM and galaxy evolution</subfield>
    <subfield code="b">proceedings of the 11th IAP astrophysics meeting on the interplay between massive star formation, the ISM and galaxy evolution, held in Paris, France, July 3-8, 1995</subfield>
    <subfield code="c">edited by D. Kunth&#x2026;[et al.]                                                    </subfield>
  </datafield>
  <datafield tag="260" ind1=" " ind2=" ">
    <subfield code="a">France</subfield>
    <subfield code="b">Editions Frontiers</subfield>
    <subfield code="c">1996</subfield>
  </datafield>
  <datafield tag="300" ind1=" " ind2=" ">
    <subfield code="a">xxxii, 624p.</subfield>
  </datafield>
  <datafield tag="650" ind1=" " ind2=" ">
    <subfield code="a">Galaxy evolution</subfield>
    <subfield code="9">6225</subfield>
  </datafield>
  <datafield tag="650" ind1=" " ind2=" ">
    <subfield code="a">Interstellar medium</subfield>
    <subfield code="9">3375</subfield>
  </datafield>
  <datafield tag="650" ind1=" " ind2=" ">
    <subfield code="a">ISM</subfield>
    <subfield code="9">20645</subfield>
  </datafield>
  <datafield tag="650" ind1=" " ind2=" ">
    <subfield code="a">Massive stars</subfield>
    <subfield code="9">6139</subfield>
  </datafield>
  <datafield tag="650" ind1=" " ind2=" ">
    <subfield code="a">Star formation</subfield>
  </datafield>
  <datafield tag="700" ind1=" " ind2=" ">
    <subfield code="a">Giderdoni, B., ed.</subfield>
    <subfield code="9">23619</subfield>
  </datafield>
  <datafield tag="700" ind1=" " ind2=" ">
    <subfield code="a">Heydari-Malayeri, M., ed.</subfield>
    <subfield code="9">20646</subfield>
  </datafield>
  <datafield tag="700" ind1=" " ind2=" ">
    <subfield code="a">Kunth, D., ed.</subfield>
    <subfield code="9">13513</subfield>
  </datafield>
  <datafield tag="700" ind1=" " ind2=" ">
    <subfield code="a">Thuan, Trinh Xuan</subfield>
    <subfield code="9">23620</subfield>
  </datafield>
  <datafield tag="942" ind1=" " ind2=" ">
    <subfield code="c">BK</subfield>
  </datafield>
  <datafield tag="999" ind1=" " ind2=" ">
    <subfield code="c">13468</subfield>
    <subfield code="d">13468</subfield>
  </datafield>
  <datafield tag="952" ind1=" " ind2=" ">
    <subfield code="0">0</subfield>
    <subfield code="1">0</subfield>
    <subfield code="4">0</subfield>
    <subfield code="7">0</subfield>
    <subfield code="a">BAN</subfield>
    <subfield code="b">BAN</subfield>
    <subfield code="c">GEN</subfield>
    <subfield code="d">0000-00-00</subfield>
    <subfield code="l">0</subfield>
    <subfield code="o">524.3-52(082.2)/ KUN</subfield>
    <subfield code="p">14387</subfield>
    <subfield code="r">2021-11-05</subfield>
    <subfield code="w">0000-00-00</subfield>
    <subfield code="y">BK</subfield>
  </datafield>
</record>
